General Knowledge Europe - Statistics

General Stats
  • This quiz has been taken 65 times
    45 since last reset
  • The average score is 23 of 44
Answer Stats
Hint Answer % Correct
The inhabitants of which country are called Magyars? Hungary
97%
Which microstate is located in Rome? Vatican
95%
Wolfgang Amadeus Mozart, Niki Lauda, Christoph Waltz and Arnold Schwarzenegger were all born in this country. Austria
92%
Novak Djokovic is currently the most famous tennis player from this country. Serbia
92%
The flag of this country is called the Union Jack. United Kingdom
92%
Besides the Vatican, this country is also located within Italy. San Marino
89%
This country is known for its saunas. Finland
78%
In which country is borsch a popular food? Ukraine
78%
The Grand Prix in the Formula 1 of this city is considered particularly prestigious because of the narrow streets. Monaco
70%
What is the name of the capital of Bosnia and Herzegovina? Sarajevo
70%
The two-headed eagle is the symbol of this country. Albania
68%
What is the Estonian capital? Tallinn
68%
The soccer team of this country finished third in the 2022 World Cup. Croatia
65%
Important institutions of the EU are located in this small country. Luxembourg
65%
This country borders Russia, Poland, Belarus and Latvia. Lithuania
62%
This small state is located in the pyrenees. Andorra
59%
The castle of Count Dracula is located in this Romanian region. Transylvania
59%
The song Dragostea Din Tei was written by a band from this country. Moldova
57%
Fermented herring is a culinary specialty in this country. Sweden
57%
A typical meal for this country is to dip bread in liquid cheese. Switzerland
57%
The president of this country allegedly rigged the election in 2020 and has thus been the de facto ruler in the country for almost 30 years. Belarus
54%
This European country has the highest per capita beer consumption per year. Czech Republic
54%
German is spoken in this dwarf state. Liechtenstein
54%
This country is also the third largest island in the Mediterranean. Cyprus
51%
The national costume of this country is called "bunad". Norway
51%
The capital of this country is only about an hour away from Vienna. Slovakia
51%
The independence of this European country is not recognized by Russia, China, Serbia, Romania and Cyprus, among others. Kosovo
46%
The flag of this country shows a sun on a red background. North Macedonia
46%
Dziękuję means thank you in this language. Polish
46%
What is the name of the language spoken mainly in the northern part of Belgium? Flemish
43%
In this country you can find the Cliffs of Moher. Ireland
43%
In which European city can you find the Uffizi? Florence
35%
This European country is an EFTA member as well as a founding member of NATO. It has one of the lowest population densities in Europe. Iceland
35%
The Versailles of the Baltic States is located in this country. Latvia
35%
This Greek meal is traditionally prepared with minced meat, eggplant, potatoes, tomatoes and various spices. Moussaka
32%
This famous French painter emigrated to French Polynesia during his life. Paul Gauguin
32%
The people of this southern European country are among the tallest in the world, according to laenderdaten.info. Montenegro
30%
Ginjinha or simply Ginja is a typical liquor from this country. Portugal
30%
What spice is traditionally showered on you in Denmark if you're not married by the time you're 25? cinnamon
24%
In this beautiful lake with turquoise-blue water you can find an island, which is called in the local language, blejski otok. Bled
22%
What is the name of the German castle that supposedly served as the inspiration for the Disney castle? Neuschwanstein
22%
This important city castle is located in Granada, Spain. Alhambra
19%
What is the name of a thin wafer with a layer of caramel, often eaten in the Netherlands? Stroopwafel
16%
This Bulgarian-Canadian actress was born in Sofia, Bulgaria in 1989. Nina Dobrev
0%
No matching quizzes found
Score Distribution
Percent of People with Each Score
Percentile by Number Answered
Your Score History
You have not taken this quiz since the last reset